00322nam a22001097a 4500041000800000082001800008100001600026245012500042260002500167300000700192650001300199 aENG a266.0954bVIJ aVijay Kumar aThe Involvement of Women in Establishing and Expanding the American Baptist Mission in Guntur-District from 1895 to 1956 aHyderabadbHMIc2025 a94 aMissions